Microprocessors and Programmed Logic / (Record no. 7002)
[ view plain ]
| 000 -LEADER | |
|---|---|
| fixed length control field | 00670nam a2200241 a 4500 |
| 003 - CONTROL NUMBER IDENTIFIER | |
| control field | PK-NaQUE |
| 005 - DATE AND TIME OF LATEST TRANSACTION | |
| control field | 20250226123752.0 |
| 008 - FIXED-LENGTH DATA ELEMENTS--GENERAL INFORMATION | |
| fixed length control field | 250226b ||||| |||| 00| 0 eng d |
| 020 ## - INTERNATIONAL STANDARD BOOK NUMBER | |
| International Standard Book Number | 0135806062 (paperback) |
| 020 ## - INTERNATIONAL STANDARD BOOK NUMBER | |
| International Standard Book Number | 9780135806067 (paperback) |
| 040 ## - CATALOGING SOURCE | |
| Transcribing agency | QUEST |
| 082 ## - DEWEY DECIMAL CLASSIFICATION NUMBER | |
| Classification number | 004.165SHO |
| 100 1# - MAIN ENTRY--PERSONAL NAME | |
| Personal name | Short, Kenneth L. |
| 245 10 - TITLE STATEMENT | |
| Title | Microprocessors and Programmed Logic / |
| 250 ## - EDITION STATEMENT | |
| Edition statement | 2nd ed. |
| 260 ## - PUBLICATION, DISTRIBUTION, ETC. (IMPRINT) | |
| Place of publication, distribution, etc | New Delhi |
| Name of publisher, distributor, etc | Prentice Hall, |
| Date of publication, distribution, etc | 1997. |
| 300 ## - PHYSICAL DESCRIPTION | |
| Extent | 624 p. ; |
| 490 1# - SERIES STATEMENT | |
| Series statement | 2nd edition. |
| 650 ## - SUBJECT ADDED ENTRY--TOPICAL TERM | |
| Topical term or geographic name as entry element | Microprocessors |
| 650 ## - SUBJECT ADDED ENTRY--TOPICAL TERM | |
| Topical term or geographic name as entry element | Intel 8085A (Microprocessor) |
| 856 40 - ELECTRONIC LOCATION AND ACCESS | |
| Uniform Resource Identifier | <a href="http://10.10.170.122:8080/browse/book/26637">http://10.10.170.122:8080/browse/book/26637</a> |
| Link text | eBook |
| 942 ## - ADDED ENTRY ELEMENTS (KOHA) | |
| Koha item type | Books |
| Source of classification or shelving scheme | Dewey Decimal Classification |
| Withdrawn status | Lost status | Damaged status | Not for loan | Collection code | Home library | Current library | Date acquired | Cost, normal purchase price | Total Checkouts | Full call number | Barcode | Date last seen | Date checked out | Koha item type | Price effective from |
|---|---|---|---|---|---|---|---|---|---|---|---|---|---|---|---|
| Central Library, QUEST, Nawabshah | Central Library, QUEST, Nawabshah | 17/06/2014 | 375.00 | 004165SHO | 29980 | 17/06/2014 | Books | 17/06/2014 | |||||||
| Central Library, QUEST, Nawabshah | Central Library, QUEST, Nawabshah | 17/06/2014 | 375.00 | 004165SHO | 29981 | 17/06/2014 | Books | 17/06/2014 | |||||||
| Reference | Reference Section | Reference Section | 17/06/2014 | 375.00 | 1 | 004165SHO (Shelf - 03A) | 29978 | 09/11/2020 | 11/02/2020 | Books | |||||
| Reference | Reference Section | Reference Section | 17/06/2014 | 375.00 | 004165SHO (Shelf - 03A) | 29979 | 17/06/2014 | Books |